{"text_format":"3","workbook":"xlsx","n_sheets":1,"sheets":["Sheet1"],"not_rendered":{"defined_names":1},"read":"whole","date_system":"1900"}

{"sheet":"Sheet1","index":0,"n_rows":16,"n_cols":9,"rows_kept":16,"merged":[[15,0,15,6]]}
["雅安市人民医院一期地下室冷冻机房检修材料表"]
["序号","名称","规 格","型 号","单位","数量","单位（元）","金额（元）","备注"]
[1,"金属软接","DN300、12孔","长330","件",1,{"v":1496,"d":"1496.00"},{"$f":"G3*F3","v":{"v":1496,"d":"1496.00"}}]
[2,"金属软接","DN200、12孔","长300","件",4,{"v":1142,"d":"1142.00"},{"$f":"G4*F4","v":{"v":4568,"d":"4568.00"}}]
[3,"消声止回阀","DN200、12孔","长390","件",4,{"v":1088,"d":"1088.00"},{"v":4352,"d":"4352.00"}]
[4,"消声止回阀","DN250、12孔","长425","件",2,{"v":1328,"d":"1328.00"},{"v":2656,"d":"2656.00"}]
[5,"涡轮蝶阀","DN300",null,"件",1,{"v":1492,"d":"1492.00"},{"v":1492,"d":"1492.00"}]
[6,"涡轮蝶阀","DN250",null,"件",2,{"v":1420,"d":"1420.00"},{"v":2840,"d":"2840.00"}]
[7,"涡轮蝶阀","DN200",null,"件",4,{"v":1216,"d":"1216.00"},{"v":4864,"d":"4864.00"}]
[8,"橡塑保温管","Φ32mm",null,"m³",2,{"v":1600,"d":"1600.00"},{"v":3200,"d":"3200.00"}]
[9,"螺栓","20*Φ10cm",null,"套",432,5.84,2522.88]
[10,"金属缠绕垫片","DN300",null,"片",2,{"v":8.6,"d":"8.60"},{"v":17.2,"d":"17.20"}]
[11,"金属缠绕垫片","DN250",null,"片",4,{"v":7.4,"d":"7.40"},{"v":29.6,"d":"29.60"}]
[12,"金属缠绕垫片","DN200",null,"片",16,{"v":5.6,"d":"5.60"},{"v":89.6,"d":"89.60"}]
[null,"人工、机械费",{"$nulls":5},{"v":55000,"d":"55000.00"}]
["合计",{"$nulls":6},{"$f":"SUM(H3:H15)","v":83127.28}]